LGBT+ Superheroes (and Villains) - Statistics

General Stats
  • This quiz has been taken 110 times
  • The average score is 3 of 12
Answer Stats
Marvel or DC Powers/Abilities Alternate Earth Hero Or Villain Answer % Correct
Marvel Shapeshifting No Villian Mystique
49%
Marvel Transmutation to organic steel Yes Hero Colossus
45%
DC High Inteligance No Villain Harley Quinn
39%
DC Skilled Hand-to-Hand combatant No Hero Batwoman
29%
DC Constructs Yes Hero Green Lantern
29%
Marvel Chaos Magic No Hero Wiccan
27%
Marvel Flight,Super Speed,Enhanced Endurance etc. No Hero Northstar
24%
Marvel Bone claws and pheromones No Anti-Hero Daken
21%
DC Magic No Anti-Hero John Constantine
16%
DC Mind control via music No Villain Pied Piper
16%
DC Enhanced Endurance,Limited healing factor No Villain Scandal Savage
4%
DC Master martial artist No Villain Nyssa Raatko
2%
No matching quizzes found
Score Distribution
Percent of People with Each Score
Percentile by Number Answered
Your Score History
You have not taken this quiz